| 000 | 00377 a2200169 4500 | ||
|---|---|---|---|
| 001 | 70022 | ||
| 020 | _a8526243705 | ||
| 040 | _cAnchieta - Itaigara | ||
| 100 | _aKeumoun, Hubert Ben | ||
| 240 | 1 | 0 |
_aO pintor de aquarela _lpor |
| 245 | 1 | 0 | _aO pintor de aquarela |
| 300 | _a | ||
| 362 | 0 | _a2002 | |
| 440 | 1 | _aScipione | |
| 650 | 4 | _aLiteratura infanto-juvenil | |
| 942 | _cBK | ||
| 999 |
_c70022 _d70022 |
||